000 00467cam a2200181 i 4500
005 20260209100315.0
008 250721s9999 xxka gr 000 0 eng d
020 _a1450304049
082 1 4 _a210
_bLUN
100 1 _aLUNDE, PAUL
_eAuthor.
245 1 0 _aISLAM Abrief history /
_cauthor.
264 3 1 _aLONDON :
_bDORLING KINDERSLEY,
_c2002.
300 _a192 pages.
650 1 7 _aISLAM.
650 1 7 _aHISTORY.
942 _2ddc
_cBK
999 _c98208
_d98208